| 000 | 00650nam a2200241Ia 4500 | ||
|---|---|---|---|
| 003 | OSt | ||
| 005 | 20220918221159.0 | ||
| 006 | a|||||r|||| 00| 0 | ||
| 007 | ta | ||
| 008 | 220917b |||||||| |||| 00| 0 eng d | ||
| 024 | _a148,629 | ||
| 037 | _cTextual | ||
| 040 |
_aARTS _cARTS _beng |
||
| 041 |
_2eng _aeng |
||
| 082 | _aTr63:N61, K3 | ||
| 110 |
_aEducation Panel , 1961 (South Africa) _9139449 |
||
| 245 | 0 |
_aEducation for South Africa _b first report |
|
| 260 | _c1963 | ||
| 650 | _aEDUCATION | ||
| 700 |
_aEducation Panel , 1961 (South Africa) _9139450 |
||
| 942 |
_hTr63:N61, K3 _cTEXL _2CC |
||
| 999 |
_c271306 _d271306 |
||